| 000 | 00580nam a2200157Ia 4500 | ||
|---|---|---|---|
| 008 | 210719s2007 xx 000 0 und d | ||
| 041 | _aeng | ||
| 082 | _a658.8 JASC | ||
| 100 | _aJASIM (K P) | ||
| 245 | _aConsumer behaviour towards boston tea and marketting strategies of boston tea India limited | ||
| 260 |
_aMangalore _bDepartment of Business Management St Aloysius College _c2007 |
||
| 300 |
_a69 _bHB |
||
| 650 | _aManagement | ||
| 650 | _aProject Reports | ||
| 906 | _aand ; behaviour ; boston ; Consumer ; India ; limited ; marketting ; of ; strategies ; tea ; towards | ||
| 999 |
_c214452 _d214452 |
||